000 00448nam a2200157 4500
001 138775
003 ES-MaACL
005 20230906195631.0
007 t|
008 070214s1965 sp r ||||1| spa d
100 1 _aSanz Pastor y Muñoz, Aurora.
_9103673
245 1 0 _aReflejos humanos /
_cAurora Sanz Pastor y Muñoz.
260 _aLogroño :
_b[s.n.],
_c1965 (
_fGrafesa)
300 _a128 p. ;
_c22 cm.
852 _aES-MaACL
_jC-28271
_bR.56837
999 _c138775
_d138775